Movie Titles Said in Movie II Quiz Stats

 Plays Quiz Updated Oct 17, 2018

Challenge
Share
Tweet
Embed
Score 0/40 Timer 10:00
1 Play Today
% Correct
Ghostbusters
93.1%
Ice Age
91.3%
Big Fish
90.4%
Armageddon
90.3%
300
90%
Miss Congeniality
89.3%
Top Gun
88.6%
Tootsie
88.3%
Corpse Bride
88.1%
Titanic
87.4%
The Terminator
87.4%
Ratatouille
87.2%
Forrest Gump
86.7%
Clear and Present Danger
84.5%
Valkyrie
81.5%
Kingdom of Heaven
80.1%
The School of Rock
79.4%
Frankenstein
78.8%
Spider-Man
77%
The Elephant Man
76.9%
% Correct
That's My Boy
75.5%
Moulin Rouge!
72.6%
Lord of War
71.2%
Hocus Pocus
69.9%
Dances with Wolves
67.3%
The Last of the Mohicans
66.9%
Backdraft
64%
Cinderella Man
62.7%
Waterworld
62%
The Shining
53.2%
Muppet Treasure Island
52.8%
Gran Torino
51.4%
Red
51.3%
The Prince of Egypt
48.1%
Van Helsing
43.8%
The Hurricane
43.5%
Highlander
42.2%
12 Monkeys
38.6%
The Rock
38.5%
The Pink Panther
34.8%

You're not logged in!

Compare scores with friends on all Sporcle quizzes.
Join for Free
OR
Log In

You Might Also Like...

Show Comments

Extras

Top Quizzes Today


Score Distribution

Your Account Isn't Verified!

In order to create a playlist on Sporcle, you need to verify the email address you used during registration. Go to your Sporcle Settings to finish the process.

Report this User

Report this user for behavior that violates our Community Guidelines.

Details: